La primera misión de los Estados Unidos de América en Chile (Registro nro. 302846)
[ vista simple ]
| 000 -ENCABEZADO | |
|---|---|
| Número de control [NR] | 01751nam a2200253 4500 |
| 005 - FECHA Y HORA DE LA ÚLTIMA TRANSACCIÓN | |
| control field | 20160301102953.0 |
| 008 - DE LONGITUD FIJA DE DATOS DE ELEMENTOS - INFORMACIÓN GENERAL | |
| Elementos de longitud fija [NR] | 160301s1926 cl a|||fr|||| 001 0 spa d |
| 040 ## - FUENTE DE CATALOGACION [NR] | |
| Agencia de catalogación original [NR] | CO-BoUCM |
| Idioma de catalogación [NR] | spa |
| Quien Cataloga | Sandra Yazo |
| Quien Clasifica | Sandra Yazo |
| 041 0# - CODIGO DE IDIOMA [R] | |
| Código de idioma para texto/pista de sonido o título separado [R] | Español |
| 082 04 - NUMERO DE CLASIFICACION DECIMAL DEWEY [R] | |
| Número de la edición [NR] | 20 |
| Número de clasificación [R] | 327.73083 |
| 092 ## - SIGNATURA TOPOGRAFICA LOCAL | |
| Número de clasificación local | E38N083 |
| 100 1# - ASIENTO PRINCIPAL--NOMBRE PERSONAL [NR] | |
| Nombre personal [NR] | Collier, William Miller, |
| Fechas asociadas con el nombre [NR] | 1867-1956 |
| ID Autoridad | 75930 |
| 245 13 - MENCION DE TITULO [NR] | |
| Título [NR] | La primera misión de los Estados Unidos de América en Chile |
| Mención de responsabilidad, etc. [NR] | por William Miller Collier y Guillermo Feliu Cruz |
| 260 ## - PUBLICACION, DISTRIBUCION, ETC. (PIE DE IMPRENTA) [R] | |
| Lugar de publicación, distribución, etc. [R] | Santiago de Chile (Chile) |
| Nombre del editor, distribuidor, etc. [R] | Imprenta Cervantes |
| Fecha de publicación, distribución, etc. [R] | 1926 |
| 300 ## - DESCRIPCION FISICA [R] | |
| Extensión [R] | xi, 264 páginas |
| Dimensiones [R] | 23 x 15 cm. |
| 500 ## - NOTA GENERAL [R] | |
| Nota general [NR] | Detalles físicos: Encuadernación flexible en cartulina. Tapa delantera y lomo con datos de publicación impresos en una sola tinta. Hoja de cortesía. Portada impresa en una sola tinta, le antecede una ilustración. Texto impreso en una sola columna, notas al pie de página. Ilustraciones y facsímiles entre el texto. Papel con algunas manchas |
| 505 0# - NOTA DE CONTENIDO CON FORMATO PREESTABLECIDO [R] | |
| Nota de contenido con formato preestablecido [NR] | Antecedentes de la Misión Poinsett ; El cónsul Joél Robets Poinsett ; El Cónsul Ponsett en Chile ; Poinsett, propagandista de la idea revolucionaria ; La celebración del aniversario de los estados Unidos ; Poinsett, legislador ; Poinsett, mediador en la Rivalidades de los Carrera ; Otras actividades de Poinsett en Chile ; Consecuencias primera de la misión Poinsett. La visita de Carrera a los Estados Unidos ; Preparativos de la expedición ; Proyecciones de la Misión Poinsett |
| 506 ## - NOTA DE RESTRICCIONES DE ACCESO [R] | |
| Condiciones de acceso [NR] | Consulta en sala |
| 600 14 - ASIENTO SECUNDARIO DE MATERIA - NOMBRE PERSONAL [R] | |
| Nombre personal [NR] | Poinsett, Joel Roberts |
| Fechas asociadas con el nombre [NR] | 1779-1851 |
| 9 (RLIN) | 75931 |
| 651 #4 - ASIENTO SECUNDARIO DE MATERIA - NOMBRE GEOGRAFICO [R] | |
| 9 (RLIN) | 30278 |
| Nombre geográfico [NR] | Estados Unidos |
| Subdivisión general [R] | Relaciones exteriores |
| Subdivisión geográfica [R] | Chile |
| 690 ## - ASUNTO AGREGADO LOCAL DE ENTRADA - TÉRMINO TEMÁTICO (OCLC, RLIN) | |
| Acceso temático local | Ciencia política |
| 9 (RLIN) | 340 |
| 700 1# - ASIENTO SECUNDARIO - NOMBRE PERSONAL [R] | |
| Nombre personal [NR] | Feliú Cruz, Guillermo |
| Títulos u otras palabras asociadas con el nombre [R] | 1900-1973 |
| 9 (RLIN) | 75932 |
| 942 ## - ELEMENTOS DE ENTRADA AGREGADOS (KOHA) | |
| Sistema de clasificación | LOCAL |
| Tipo de ítem principal el descrito en 300a | Libro |
| Edición | 1 |
| Clasificación | E38N083 |
| Suprimido | Perdido | Sistema de clasificación | Dañado | No prestable | Tipo de ítem específico | Ubicación habitual | Ubicación actual | Localización | Fecha de creación | Forma de adquisición | Costo | Total préstamos | Signatura topográfica | Código de barras | Última vez visto | Ejemplar | Price effective from | Tipo de ítem |
|---|---|---|---|---|---|---|---|---|---|---|---|---|---|---|---|---|---|---|
| LOCAL | Libro archivo | Archivo Histórico | Archivo Histórico | Archivo histórico | 01/03/2016 | Donación | 0.00 | E38N083 | L005398 | 01/03/2016 | Ej.1 | 01/03/2016 | Libro |